MARC

LEADER 00000nam0a2200000 4500
001 117407
005 20231101215412.0
035 |a (RuTPU)RU\TPU\book\127085 
090 |a 117407 
100 |a 20070601d1980 m y0rusy50 ca 
101 0 |a rus 
102 |a RU 
105 |a a z 001zy 
200 1 |a Доводочные станки  |f Б. Я. Тамбулатов 
210 |a Москва  |c Машиностроение  |d 1980 
215 |a 161 с.  |c ил. 
225 1 |a Библиотека станочника 
320 |a Библиогр.: с. 160 
606 1 |a Доводочные станки  |2 stltpush  |3 (RuTPU)RU\TPU\subj\9835  |9 36998 
610 1 |a металлорежущие станки 
610 1 |a типовые механизмы 
610 1 |a смазочно-охлаждающие жидкости 
610 1 |a шлифование 
610 1 |a суперфиниширование 
610 1 |a хонингование 
610 1 |a полирование 
610 1 |a отделочные станки 
610 1 |a поверхности 
610 1 |a обработка 
610 1 |a неисправности 
610 1 |a механизация 
610 1 |a автоматизация 
610 1 |a рабочее место 
610 1 |a организация 
610 1 |a техника безопасности 
675 |a 621.923.74  |v 4 
700 1 |a Тамбулатов  |b Б. Я.  |g Борис Яковлевич 
801 1 |a RU  |b 63413507  |c 20070601  |g PSBO 
801 2 |a RU  |b 63413507  |c 20210423  |g RCR 
942 |c BK